| 000 | 00746cab a2200217 4500 | ||
|---|---|---|---|
| 001 | ABS44033 | ||
| 008 | 090401t1991 xxu||||| |||| 00| 0 eng d | ||
| 035 | _a(Sirsi) u44941 | ||
| 041 | _aeng | ||
| 100 | _aAskew, J. | ||
| 245 | _aPartnerships: a refusal to be marginalised | ||
| 260 | _c1991 | ||
| 350 | _a0 | ||
| 490 |
_aLocal Government Chronicle _vSupplement 1 February 1991, 16-18(2) |
||
| 520 | _aExamines the policies which have led to increased participation by the private sector in urban regeneration and reports on two partnerships between the sector and local authorities in Sheffield and Wakefield . | ||
| 650 | _aINNER CITIES | ||
| 650 | _aJOINT VENTURES | ||
| 690 | _aURBAN RENEWAL | ||
| 942 | _n0 | ||
| 948 | _c04/03/1997 | ||
| 999 |
_c28564 _d28564 |
||